Pays qui ont le plus de Montagnes Russes - Statistiques

Statistiques générales
  • Ce quiz a été pris 462 fois
    396 depuis la dernière actualisation
  • Le résultat moyen est 18 sur 24
Statistiques - réponses
Nombre Pays % Correct
875 Etats Unis
98%
217 France
98%
1762 Chine
97%
264 Allemagne
96%
52 Espagne
95%
207 Japon
93%
65 Canada
92%
193 Russie
92%
134 Italie
87%
206 Royaume-Uni
87%
53 Mexique
86%
86 Brésil
84%
113 Inde
79%
69 Pologne
74%
50 Corée du Sud
68%
55 Pays Bas
64%
80 Indonésie
59%
136 Turquie
59%
65 Autriche
53%
93 Arabie Saoudite
51%
48 Danemark
48%
56 Emirats Arabes Unis
46%
61 Iran
38%
77 Vietnam
34%
Aucun quiz correspondant
Distribution des résultats
% des personnes avec chaque résultat
Percentile par nombre de réponses
Votre historique - résultats
Vous n’avez pas pris ce quiz depuis la dernière actualisation